• AIU
  • Tony Wilmot Memorial Library

EPTINFO/Education pour tous : (Record no. 58518)

MARC details
000 -LEADER
fixed length control field 00887nam a2200277 a 4500
001 - CONTROL NUMBER
control field 2537649
005 - DATE AND TIME OF LATEST TRANSACTION
control field 20140211084756.0
008 - FIXED-LENGTH DATA ELEMENTS--GENERAL INFORMATION
fixed length control field 940526s1989 rw bs 000 0 fre
010 ## - LIBRARY OF CONGRESS CONTROL NUMBER
LC control number 93850191
040 ## - CATALOGING SOURCE
Original cataloging agency DLC
Transcribing agency DLC
042 ## - AUTHENTICATION CODE
Authentication code lcode
043 ## - GEOGRAPHIC AREA CODE
Geographic area code f-rw---
050 00 - LIBRARY OF CONGRESS CALL NUMBER
Classification number LA2090.R95
Item number E38 1989
082 00 - DEWEY DECIMAL CLASSIFICATION NUMBER
Classification number 370/.967571
Edition number 20
245 00 - TITLE STATEMENT
Title EPTINFO/Education pour tous :
Remainder of title EFANEWS/Education for All.
260 ## - PUBLICATION, DISTRIBUTION, ETC. (IMPRINT)
Place of publication, distribution, etc [Kigali? :
Name of publisher, distributor, etc s.n.,
300 ## - PHYSICAL DESCRIPTION
Extent 1 v. (various pagings) ;
Dimensions 30 cm.
504 ## - BIBLIOGRAPHY, ETC. NOTE
Bibliography, etc Includes bibliographical references.
650 #0 - SUBJECT ADDED ENTRY--TOPICAL TERM
Topical term or geographic name as entry element Education
Geographic subdivision Rwanda.
9 (RLIN) 24660
650 #0 - SUBJECT ADDED ENTRY--TOPICAL TERM
Topical term or geographic name as entry element Adult education
Geographic subdivision Rwanda.
9 (RLIN) 24661
650 #0 - SUBJECT ADDED ENTRY--TOPICAL TERM
Topical term or geographic name as entry element Literacy
Geographic subdivision Rwanda.
9 (RLIN) 24662
650 #0 - SUBJECT ADDED ENTRY--TOPICAL TERM
Topical term or geographic name as entry element Fundamental education
Geographic subdivision Rwanda.
9 (RLIN) 24663
906 ## - LOCAL DATA ELEMENT F, LDF (RLIN)
a 7
b cbc
c origode
d 2
e ncip
f 19
g y-gencatlg
942 ## - ADDED ENTRY ELEMENTS (KOHA)
Source of classification or shelving scheme Library of Congress Classification
Item type Periodicals
Serial record 1
Holdings
Withdrawn status Lost status Source of classification or shelving scheme Damaged status Not for loan Collection code Home library Current library Shelving location Date acquired Total Checkouts Full call number Date last seen Price effective from Koha item type
    Library of Congress Classification     Serials AIU/NEGST - Tony Wilmot Memorial Library AIU/NEGST - Tony Wilmot Memorial Library Serials 02/11/2014   LA2090.R95 E38 1989 02/11/2014 02/11/2014 Periodicals